000 00795nam a2200217 i 4500
003 IT-RoINE
005 20191118071500.0
008 041001s2004 sp | ||| ||spa
020 _a8460918335
040 _aSpMaBN
_cSpMaBN IT-RoINE
_dIT-RoINE
100 1 _aVidal Rodríguez, Arsenio
_964433
245 1 3 _aEl libro tumbo de Braganza :
_bel Monasterio de San Martín de Castañeda y la venta de los bienes de Portugal /
_cArsenio Vidal Rodríguez.
260 _aSalamanca :
_b[s.n.],
_c2004.
300 _a179 p. :
_bmapas ;
_c21 cm.
336 _2rdacontent
_atext
337 _2rdamedia
_aunmediated
338 _2rdacarrier
_avolume
504 _aBibliografía: p. 173-175
610 2 4 _aMonasterio de San Martín de Castañeda (Galende, España)
_927548
_xHistoria
_xFuentes
942 _cMTS
999 _c32803
_d32803